Меловая флора Сахалина / (Record no. 397580)
[ view plain ]
| 000 -LEADER | |
|---|---|
| fixed length control field | 00579nam-a2200181-a-4500 |
| 001 - CONTROL NUMBER | |
| control field | YSU0102736 |
| 003 - CONTROL NUMBER IDENTIFIER | |
| control field | AM-YeHGA |
| 005 - DATE AND TIME OF LATEST TRANSACTION | |
| control field | 20250617153752.0 |
| 008 - FIXED-LENGTH DATA ELEMENTS--GENERAL INFORMATION | |
| fixed length control field | 990518s1960 xxu 000 0 rus u |
| 040 ## - CATALOGING SOURCE | |
| Original cataloging agency | AM-YeHGA |
| 090 ## - LOCALLY ASSIGNED LC-TYPE CALL NUMBER (OCLC); LOCAL CALL NUMBER (RLIN) | |
| -- | 399683 |
| 100 10 - MAIN ENTRY--PERSONAL NAME | |
| Personal name | Криштофович, А.Н. |
| 245 10 - TITLE STATEMENT | |
| Title | Меловая флора Сахалина / |
| Statement of responsibility, etc. | А.Н. Криштофович, Т.Н. Байковская |
| 260 ## - PUBLICATION, DISTRIBUTION, ETC. | |
| Place of publication, distribution, etc. | Л., |
| -- | Москва : |
| Name of publisher, distributor, etc. | АН СССР , |
| Date of publication, distribution, etc. | 1960. |
| 300 ## - PHYSICAL DESCRIPTION | |
| Extent | 122 с. |
| Other physical details | и |
| Dimensions | . |
| 650 #4 - SUBJECT ADDED ENTRY--TOPICAL TERM | |
| Topical term or geographic name entry element | Палеоботаника |
| 700 1# - ADDED ENTRY--PERSONAL NAME | |
| Personal name | Байковская, Т.Н. |
| Withdrawn status | Lost status | Source of classification or shelving scheme | Damaged status | Not for loan | Collection | Home library | Current library | Date acquired | Total checkouts | Full call number | Barcode | Date last seen | Price effective from | Koha item type | Public note |
|---|---|---|---|---|---|---|---|---|---|---|---|---|---|---|---|
| Universal Decimal Classification | General | Fundamental Scientific Library | Fundamental Scientific Library | 16/01/2018 | PIII/5697 | FL0469461 | 16/01/2018 | 16/01/2018 | Գրքեր / Books | 30 Days Loan |
ՀՀ Գիտությունների ազգային ակադեմիայի հիմնարար գիտական գրադարան = Fundamental Scientific Library of NAS RA
All site content, except where otherwise noted, is licensed under a